Capital Cities of Monosyllabic Countries - Statistics

General Stats
  • This quiz has been taken 49 times
  • The average score is 4 of 5
Answer Stats
Answer % Correct
Madrid
95%
Athens
79%
N'Djamena
79%
Paris
79%
Vientiane
67%
No matching quizzes found
Score Distribution
Percent of People with Each Score
Percentile by Number Answered
Your Score History
You have not taken this quiz